000 00344 a2200157 4500
001 185962
020 _a84-207-3855-7
040 _cMagnum
100 _aRay, Helene
240 1 0 _aEl primer dia de clase
_lpor
245 1 0 _aEl primer dia de clase
300 _a
362 0 _a1993
697 _aLITERATURA INFANTIL ESPANHOLA
942 _cBK
999 _c185962
_d185962